Learning Resource and Development

Pollution : (Record no. 28637)

MARC details
000 -LEADER
fixed length control field 01115nam a2200277 i 4500
003 - CONTROL NUMBER IDENTIFIER
control field CSPC
005 - DATE AND TIME OF LATEST TRANSACTION
control field 20250120130337.0
008 - FIXED-LENGTH DATA ELEMENTS--GENERAL INFORMATION
fixed length control field 250120s2019 nyua b 001 0 eng d
020 ## - INTERNATIONAL STANDARD BOOK NUMBER
International Standard Book Number 9781682868126
040 ## - CATALOGING SOURCE
Transcribing agency CSPC
Original cataloging agency CSPC
Language of cataloging eng
Description conventions rda
050 04 - LIBRARY OF CONGRESS CALL NUMBER
Classification number TD174
082 04 - DEWEY DECIMAL CLASSIFICATION NUMBER
Edition number 23
Classification number 628.5
Item number M766p
100 1# - MAIN ENTRY--PERSONAL NAME
Personal name Montgomery, Vanessa,
Relator term author.
245 10 - TITLE STATEMENT
Title Pollution :
Remainder of title causes, prevention and control /
Statement of responsibility, etc. Vanessa Montgomery.
264 #1 - PRODUCTION, PUBLICATION, DISTRIBUTION, MANUFACTURE, AND COPYRIGHT NOTICE
Place of production, publication, distribution, manufacture New York, NY :
Name of producer, publisher, distributor, manufacturer Syrawood Publishing House,
Date of production, publication, distribution, manufacture, or copyright notice 2019.
300 ## - PHYSICAL DESCRIPTION
Extent viii, 265 pages :
Other physical details colored illustrations ;
Dimensions 27 cm.
336 ## - CONTENT TYPE
Source rdacontent
Content type term text
337 ## - MEDIA TYPE
Source rdamedia
Media type term unmediated
338 ## - CARRIER TYPE
Source rdacarrier
Carrier type term volume
504 ## - BIBLIOGRAPHY, ETC. NOTE
Bibliography, etc. note Includes bibliographical references and index.
505 0# - FORMATTED CONTENTS NOTE
Formatted contents note Pollution: an introduction -- Types of pollutants -- Air pollution -- Water pollution -- Noise pollution -- Solid waste pollution -- Soil pollution -- Nuclear pollution.
650 #0 - SUBJECT ADDED ENTRY--TOPICAL TERM
Topical term or geographic name entry element Pollution.
650 #0 - SUBJECT ADDED ENTRY--TOPICAL TERM
Topical term or geographic name entry element Pollution prevention.
942 ## - ADDED ENTRY ELEMENTS (KOHA)
Source of classification or shelving scheme Dewey Decimal Classification
Suppress in OPAC No
Koha item type Books
Edition 23
Classification part 628.5
Item part M766p
Call number prefix CIR
Call number suffix 2019
Holdings
Withdrawn status Lost status Source of classification or shelving scheme Damaged status Not for loan Home library Current library Shelving location Date acquired Total Checkouts Full call number Barcode Date last seen Copy number Price effective from Koha item type
    Dewey Decimal Classification     Main Library Main Library Circulation Section 01/20/2025   CIR 628.5 M766p 2019 028723 01/20/2025 1-1 01/20/2025 Books